Roblox Doors [UPDATED] - Statistics

General Stats
  • This quiz has been taken 3,907 times
    885 since last reset
  • The average score is 14 of 24
Answer Stats
Question Answer % Correct
When the light flickers. RushAmbush
91%
It chases you. Seek
89%
Door 50 & Door 100. The Figure
85%
It likes to lurk in dark rooms. Screech
80%
It hurts you when you look at it. Eyes
79%
When the room fails to load. Glitch
75%
Small chance when you open a locker. Jack
74%
Small chance when you open a drawer. Timothy
74%
When you stay in a locker for too long. Hide
73%
Turn around. Halt
69%
Remember the door number. Dupe
64%
Freeze. A-90A90
57%
Appears when you die/lights up certain areas. Guiding lightGuiding lights
57%
Red light emits or supernatural noises. A-60A60
56%
When you get too far behind. Void
56%
Check the ceiling. Giggle
55%
This entity follows you in The Rooms. A-120A120
52%
Watch your feet. Snare
50%
Staring through a window. Very rare chance. Window
50%
It comes at midnight. Dread
47%
It appears for half a second when the lights flicker. Shadow
44%
Attracted to light. Gloombats
34%
Highly flammable. Firedamp
25%
The room will turn red for a few seconds. Hallway jack
8%
No matching quizzes found
Score Distribution
Percent of People with Each Score
Percentile by Number Answered
Your Score History
You have not taken this quiz since the last reset